Actors that have worked with Kevin Smith - Statistics

General Stats
  • This quiz has been taken 42 times
    21 since last reset
  • The average score is 8 of 44
Answer Stats
Movies Actor % Correct
Chasing Amy, Dogma, Jay and Silent Bob Strike Back, Mallrats etc. Ben Affleck
88%
Chasing Amy, Dogma, Jay and Silent Bob Reboot, Jersey Girl, etc. Matt Damon
81%
Dogma Alan Rickman
50%
Cop Out, Live Free or Die Hard Bruce Willis
44%
Dogma Chris Rock
44%
Southland Tales Dwayne Johnson
44%
Jersey Girl Jennifer Lopez
44%
Chasing Amy, Clerks, Dogma, Mallrats etc. Jason Mewes
38%
Dogma Salma Hayek
38%
Mallrats Stan Lee
38%
Chasing Amy Casey Affleck
31%
Dogma, Jay and Silent Bob Strike Back, Jersey Girl George Carlin
31%
Red State John Goodman
31%
Jay and Silent Bob Reboot, Madness in the Method, Tusk, Yoga Hosers Harley Quinn Smith
25%
Tusk, Yoga Hosers Johnny Depp
19%
Jersey Girl Will Smith
19%
Jay and Silent Bob Strike Back Carrie Fisher
13%
Jay and Silent Bob Strike Back Mark Hamill
13%
Red State, Tusk Michael Parks
13%
Clerks 2, Jay and Silent Bob Reboot Rosario Dawson
13%
Cop Out Tracy Morgan
13%
Jay and Silent Bob Reboot Chris Hemsworth
6%
Madness in the Method Danny Trejo
6%
Tusk Haley Joel Osment
6%
Highlife Logic
6%
Mallrats Michael Rooker
6%
The Disaster Artist Randall Park
6%
Southland Tales Sarah Michelle Gellar
6%
Jay and Silent Bob Strike Back Will Ferrell
6%
The Disaster Artist Alison Brie
0%
Red State Anna Gunn
0%
Southland Tales Bai Ling
0%
Doogal Bill Hader
0%
Jay and Silent Bob Reboot Craig Robinson
0%
Madness in the Method Evanna Lynch
0%
Jay and Silent Bob Strike Back Gus Van Sant
0%
Doogal Ian McKellen
0%
Southland Tales Justin Timberlake
0%
Dogma Linda Fiorentino
0%
Another Wolfcop Lizzy Caplan
0%
Jay and Silent Bob Reboot Method Man
0%
Jay and Silent Bob Reboot Redman
0%
The Disaster Artist Tommy Wiseau
0%
Jay and Silent Bob Reboot Val Kilmer
0%
No matching quizzes found
Score Distribution
Percent of People with Each Score
Percentile by Number Answered
Your Score History
You have not taken this quiz since the last reset